[Event "Challenge"]
[Site "http://www.queenalice.com/game.php?id=1035553"]
[Date "2012.3.3"]
[Round "-"]
[White "cariepotter"]
[Black "Oli"]
[Result "1-0"]
[WhiteElo "986"]
[BlackElo "917"]

1. d4 b5 2. e3 c6 3. c4 a6 4. Nd2 Nf6 5. Nb3 d6 6. Bd2 Nfd7 7. Bc3 Nb6 8. c5 Nc4
9. Nd2 a5 10. b3 d5 11. bxc4 b4 12. Bb2 a4 13. cxd5 a3 14. Bc1 Qxd5 15. Qb3 Qd7
16. Qxb4 g6 17. Bxa3 e6 18. Nc4 Qd5 19. Nd6+ Bxd6 20. cxd6 Nd7 21. Bc4 Qe4 22.
Nf3 1-0

[Event "Challenge"]
[Site "http://www.queenalice.com/game.php?id=1035583"]
[Date "2012.3.3"]
[Round "-"]
[White "cariepotter"]
[Black "josh_hh"]
[Result "0-1"]
[WhiteElo "1070"]
[BlackElo "1113"]

1. d4 e6 2. e3 Bb4+ 3. c3 Ba5 4. Be2 d6 5. Nf3 e5 6. O-O exd4 7. exd4 Nf6 8.
Nbd2 Ng4 9. Qe1 h5 10. Bb5+ Kf8 11. Nc4 Bxc3 12. bxc3 h4 13. Bg5 f6 14. Bxh4
Rxh4 15. Qe2 c6 16. g3 Rh5 17. Ba4 b5 18. Rae1 Be6 19. Qxe6 g6 20. Nxd6 bxa4 0-1

[Event "1st game with C"]
[Site "http://www.queenalice.com/game.php?id=1035661"]
[Date "2012.3.4"]
[Round "-"]
[White "infideldie"]
[Black "cariepotter"]
[Result "1-0"]
[WhiteElo "1158"]
[BlackElo "1083"]

1. d4 Nf6 2. f4 g6 3. Nf3 Bg7 4. Nc3 O-O 5. e4 c6 6. Bc4 e6 7. e5 Ng4 8. Be2 b6
9. h3 Nh6 10. Bd2 Ba6 11. Ne4 Bxe2 12. Qxe2 d5 13. Nd6 Qe7 14. O-O-O Nf5 15.
Nxf5 exf5 16. a3 c5 17. h4 b5 18. c3 cxd4 19. Nxd4 a6 20. Rh2 f6 21. Re1 fxe5
22. fxe5 Re8 23. Bf4 Nd7 24. Rh3 Nc5 25. b4 Nd7 26. Bg5 Qxe5 27. Re3 h6 28. Nf3
Qxc3+ 29. Kd1 Qa1+ 30. Kd2 Qa2+ 31. Kd3 Qxa3+ 32. Kc2 Qxb4 33. Rxe8+ Rxe8 34.
Qxe8+ Nf8 35. Bd2 Qb2+ 36. Kd1 Qb3+ 37. Ke2 Qc4+ 38. Kf2 b4 39. Qe2 Bd4+ 40.
Nxd4 Qxd4+ 41. Be3 Qxh4+ 42. Kf1 Qh1+ 43. Bg1 b3 44. Qb2 Ne6 45. Rxe6 Qh5 46.
Re8+ Kf7 47. Qe5 Qd1+ 48. Kf2 Qc2+ 49. Kg3 Qc3+ 50. Qxc3 1-0

[Event "The Dad and the Uncle."]
[Site "http://www.queenalice.com/game.php?id=1035669"]
[Date "2012.3.4"]
[Round "-"]
[White "cariepotter"]
[Black "Warner"]
[Result "0-1"]
[WhiteElo "986"]
[BlackElo "1778"]

1. d4 d5 2. e3 e6 3. Nf3 c5 4. c4 Nf6 5. Be2 Nc6 6. O-O Be7 7. Nc3 O-O 8. b3
cxd4 9. exd4 dxc4 10. bxc4 a6 11. d5 exd5 12. cxd5 Nb4 13. Ba3 a5 14. Bb5 Bg4
15. Bb2 Rc8 16. a3 Nbxd5 17. Nxd5 Nxd5 18. Qd4 Bf6 19. Ne5 Be6 20. Rac1 Rxc1 21.
Bxc1 Qd6 22. Re1 Rc8 23. Bb2 Rc2 24. a4 b6 25. h3 h6 26. Re3 Rc8 27. Ba3 Qb8 28.
Re4 Nc3 29. Re3 Nxb5 30. axb5 Rd8 31. Qe4 Bd5 32. Qf4 Bg5 0-1

[Event "I want donuts."]
[Site "http://www.queenalice.com/game.php?id=1035923"]
[Date "2012.3.4"]
[Round "-"]
[White "cariepotter"]
[Black "Warner"]
[Result "1-0"]
[WhiteElo "986"]
[BlackElo "1780"]

1. d4 d5 2. e3 e6 3. c4 Nf6 4. Be2 c5 5. Nc3 Nc6 6. cxd5 exd5 7. Nf3 cxd4 8.
exd4 Bb4 9. Bd2 Ne4 10. Nxe4 dxe4 11. Ne5 Bxd2+ 12. Qxd2 Nxe5 13. dxe5 Qxd2+ 14.
Kxd2 O-O 15. Bc4 Re8 16. Rhe1 Rxe5 17. f3 b5 18. Bf1 Rd5+ 19. Kc1 exf3 20. Re8#
1-0

[Event "We should BBQ."]
[Site "http://www.queenalice.com/game.php?id=1036108"]
[Date "2012.3.5"]
[Round "-"]
[White "Warner"]
[Black "cariepotter"]
[Result "1-0"]
[WhiteElo "1780"]
[BlackElo "986"]

1. d4 Nf6 2. c4 g6 3. Nc3 Bg7 4. e4 Nc6 5. Nf3 O-O 6. Be2 b6 7. O-O Bb7 8. a3 d6
9. b4 e5 10. d5 Nd4 11. Be3 Nxe2+ 12. Qxe2 c6 13. dxc6 Bxc6 14. Nd5 Nxd5 15.
cxd5 Bb7 16. Qd2 Ba6 17. Rfc1 Rc8 18. Rxc8 Bxc8 19. Bh6 Bxh6 20. Qxh6 Bg4 21.
Ng5 a5 22. Qxh7# 1-0

[Event "AUTO-BEG-526"]
[Site "http://www.queenalice.com/game.php?id=1037578"]
[Date "2012.3.9"]
[Round "1"]
[White "Rijo"]
[Black "cariepotter"]
[Result "1-0"]
[WhiteElo "1323"]
[BlackElo "1048"]

1. e4 e5 2. Nc3 Nc6 3. b3 Nf6 4. Bb2 Be7 5. Bc4 Na5 6. Nf3 Nxc4 7. bxc4 O-O 8.
Qe2 Bd6 9. Na4 b6 10. Rb1 Ba6 11. Nxe5 Bxe5 12. Bxe5 d6 13. Bxf6 Qxf6 14. f3 Qe6
15. d3 Rab8 16. O-O Rbe8 17. f4 Bc8 18. f5 Qf6 19. Qg4 Qd4+ 20. Rf2 f6 21. c3
Qxd3 22. Rbf1 Qxc4 23. Nb2 Qxa2 24. Nd3 Qa3 25. Rf3 Qxc3 26. Rg3 a5 27. Qxg7#
1-0

[Event "AUTO-BEG-526"]
[Site "http://www.queenalice.com/game.php?id=1037579"]
[Date "2012.3.9"]
[Round "1"]
[White "cariepotter"]
[Black "Rijo"]
[Result "1-0"]
[WhiteElo "1043"]
[BlackElo "1325"]

1. d4 Nc6 2. e3 e5 3. c4 b6 4. Nf3 Ba6 5. Be2 Nf6 6. O-O d5 7. cxd5 Qxd5 8. Bxa6
Qe4 9. Bd3 Qg4 10. Nfd2 exd4 11. Ne4 Nxe4 12. Qxg4 Nf6 13. Qf3 Be7 14. Qxc6+ Nd7
15. Qxa8+ Bd8 16. exd4 f6 17. Qe4+ Be7 18. Nc3 Kd8 19. Nd5 Bd6 20. Bf4 Re8 21.
Qf3 c6 22. Rfe1 cxd5 23. Bxd6 a5 24. Qh5 g6 25. Qxh7 g5 26. Re7 Rxe7 27. Qxe7+
Kc8 28. Rc1+ Nc5 29. dxc5 bxc5 30. Bf5# 1-0

[Event "AUTO-BEG-526"]
[Site "http://www.queenalice.com/game.php?id=1037590"]
[Date "2012.3.9"]
[Round "1"]
[White "Philchess"]
[Black "cariepotter"]
[Result "1-0"]
[WhiteElo "1150"]
[BlackElo "1083"]

1. e4 e5 2. Nf3 Nc6 3. Bb5 g6 4. Bxc6 dxc6 5. Nxe5 Bg7 6. Nf3 Nf6 7. d3 O-O 8.
O-O b6 9. Nc3 Bg4 10. Bg5 Bxf3 11. Qxf3 c5 12. e5 Bh8 13. Bxf6 Qe8 14. Nd5 h6
15. Nxc7 Qb8 16. Nxa8 Qxa8 17. Qxa8 Rxa8 18. Bxh8 Kxh8 19. Rfe1 Kg7 20. c3 Rd8
21. d4 cxd4 22. cxd4 Rxd4 23. Rad1 Ra4 24. a3 b5 25. e6 fxe6 26. Rxe6 Kf7 27.
Red6 1-0

[Event "AUTO-BEG-526"]
[Site "http://www.queenalice.com/game.php?id=1037591"]
[Date "2012.3.9"]
[Round "1"]
[White "cariepotter"]
[Black "Philchess"]
[Result "1-0"]
[WhiteElo "1095"]
[BlackElo "1411"]

1. d4 g6 2. e3 Nf6 3. c4 Bg7 4. Nf3 O-O 5. Be2 d5 6. cxd5 Nxd5 7. O-O e6 8. Nc3
c6 9. Nxd5 cxd5 10. b3 Nd7 11. Ba3 Re8 12. Bb2 Nf6 13. Bb5 Bd7 14. Bxd7 Qxd7 15.
Ba3 Ne4 16. Nd2 Nc3 17. Qc2 Rac8 18. Bb4 Ne4 19. Qd1 Nxd2 20. Bxd2 b6 21. Rc1
Rxc1 22. Qxc1 e5 23. dxe5 Bxe5 24. Bc3 Bxc3 25. Qxc3 Rc8 26. Qf6 Rc2 27. a4 Rd2
28. Qc3 Ra2 29. Qd3 Qe6 30. Qa6 Qd7 31. h3 Rb2 32. Rc1 Rxb3 33. Rc8+ Kg7 34. g4
Rb1+ 35. Kg2 b5 36. axb5 Rxb5 37. Qa1+ Kh6 38. Rg8 Kg5 39. Qe5+ f5 40. Qf4+ Kf6
41. g5+ Kf7 42. Rh8 Kg7 43. Qe5+ Kf7 44. Qf6# 1-0

[Event "Challenge"]
[Site "http://www.queenalice.com/game.php?id=1039167"]
[Date "2012.3.15"]
[Round "-"]
[White "jujuju"]
[Black "cariepotter"]
[Result "1-0"]
[WhiteElo "1716"]
[BlackElo "1034"]

1. d4 d5 2. Nf3 e6 3. Nc3 Nf6 4. Bg5 Be7 5. Bxf6 Bxf6 6. e4 dxe4 7. Nxe4 Be7 8.
Bc4 Nd7 9. O-O c6 10. a4 O-O 11. c3 Nf6 12. Nxf6+ Bxf6 13. Re1 a5 14. Qc2 Re8
15. Bd3 g6 16. Qd2 Bg7 17. Bc4 Rb8 18. Rab1 Bf8 19. b4 axb4 20. cxb4 b6 21. Ne5
Bb7 22. Rec1 Bg7 23. Nf3 Ra8 24. Ra1 e5 25. dxe5 Qxd2 26. Nxd2 Bxe5 27. Ra2 Rec8
28. Nf3 Bd6 29. b5 Bf4 30. Rcc2 cxb5 31. Bxb5 Rxc2 32. Rxc2 Be4 33. Rc4 Rd8 34.
Rd4 Rd6 35. Rxe4 Rd1+ 36. Re1 Rxe1+ 37. Nxe1 Bd2 38. Nf3 Bc1 39. Ne5 Bb2 40. Nc4
Bd4 41. Kf1 Kg7 42. Ke2 f5 43. f3 f4 44. g4 g5 45. Nd6 Bg1 46. Nf5+ Kg6 47. h3
h5 48. Be8+ Kf6 49. Bxh5 1-0

[Event "Crispy."]
[Site "http://www.queenalice.com/game.php?id=1039835"]
[Date "2012.3.17"]
[Round "-"]
[White "Warner"]
[Black "cariepotter"]
[Result "1-0"]
[WhiteElo "1775"]
[BlackElo "1043"]

1. d4 d5 2. c4 e6 3. e3 c5 4. Nf3 Be7 5. Nc3 Nf6 6. cxd5 exd5 7. dxc5 Bxc5 8.
Bb5+ Bd7 9. Qb3 Ne4 10. Bxd7+ Qxd7 11. Nxd5 O-O 12. O-O Nc6 13. Rd1 Qd6 14. Nb6
Na5 15. Qa4 Qc6 16. Qxc6 Nxc6 17. Nxa8 Rxa8 18. a3 b6 19. Nd4 Nxd4 20. exd4 Bd6
21. Be3 a5 22. d5 Bc5 23. b4 Bxe3 24. fxe3 Nc3 25. Rd3 axb4 26. d6 h6 27. d7 Rd8
28. axb4 Nb5 29. Rc1 Na7 30. Rc7 1-0

[Event "Challenge"]
[Site "http://www.queenalice.com/game.php?id=1041518"]
[Date "2012.3.22"]
[Round "-"]
[White "cariepotter"]
[Black "Noodles"]
[Result "1-0"]
[WhiteElo "1070"]
[BlackElo "998"]

1. d4 b6 2. e3 Bb7 3. c4 Na6 4. Be2 Nb4 5. Nf3 e6 6. O-O Nh6 7. a3 Na6 8. Bd2 f5
9. Be1 d5 10. cxd5 Bxd5 11. Nc3 Ng4 12. Nxd5 exd5 13. Bxa6 Bd6 14. Bb5+ c6 15.
Bxc6+ Ke7 16. Bxa8 Qxa8 17. Bb4 a5 18. Bxd6+ Kxd6 19. Ng5 Qf8 20. Qb3 a4 21.
Qxb6+ Ke7 22. Qe6+ Kd8 23. Nf7+ Kc7 24. Nxh8 Qxh8 25. Rac1+ Kd8 26. Rc8# 1-0

[Event "Tommy P. vs. Carebear"]
[Site "http://www.queenalice.com/game.php?id=1044184"]
[Date "2012.3.30"]
[Round "-"]
[White "Warner"]
[Black "cariepotter"]
[Result "1-0"]
[WhiteElo "1856"]
[BlackElo "1056"]

1. d4 d5 2. Nf3 e6 3. Bd2 c5 4. e3 Be7 5. Ne5 Nd7 6. Nxd7 Bxd7 7. dxc5 Bxc5 8.
Qg4 Nf6 9. Qxg7 Rg8 10. Qh6 Rg6 11. Qf4 Nh5 12. Qf3 Qf6 13. Qxf6 Nxf6 14. Nc3 a6
15. h3 Ne4 16. Nxe4 dxe4 17. g4 f5 18. Be2 Bb5 19. Bxb5+ axb5 20. gxf5 exf5 21.
O-O-O Rg2 22. Rhg1 Rxg1 23. Rxg1 O-O-O 24. Rg5 Rf8 25. b4 Be7 26. Rg7 Bh4 27.
Be1 h6 28. Rg6 Rf6 29. Rxf6 Bxf6 30. c3 Bg5 31. Kc2 f4 32. exf4 Bxf4 33. Kb3 Kc7
34. c4 Kb6 35. cxb5 Kxb5 36. a4+ Ka6 37. Kc4 Bd6 38. Bd2 h5 39. Kd5 1-0

[Event "Challenge"]
[Site "http://www.queenalice.com/game.php?id=1044985"]
[Date "2012.4.1"]
[Round "-"]
[White "Ruusgugg"]
[Black "cariepotter"]
[Result "0-1"]
[WhiteElo "1034"]
[BlackElo "1160"]

1. Nf3 d5 2. d4 e6 3. c3 c5 4. e3 Be7 5. b4 cxb4 6. cxb4 Nf6 7. Ne5 O-O 8. Bd2
b6 9. Nc3 Bd7 10. g3 Nc6 11. f4 Ne4 12. Nxe4 dxe4 13. Qa4 Nxe5 14. b5 Nf3+ 15.
Kf2 Nxd2 16. Bg2 Rc8 17. Qxa7 Ra8 18. Qb7 Bd6 19. Ke2 Nc4 20. Bxe4 Qe7 21. Rac1
Na5 22. Qxb6 Rfb8 23. Qc5 Bxc5 24. dxc5 Ra7 25. Rb1 Qxc5 26. Bd3 Bxb5 27. Rhc1
Bxd3+ 28. Kxd3 Qf8 29. Ra1 Rd7+ 30. Ke2 Rb2+ 31. Rc2 Rxc2+ 0-1

[Event "Challenge"]
[Site "http://www.queenalice.com/game.php?id=1058868"]
[Date "2012.5.12"]
[Round "-"]
[White "smokeyJ"]
[Black "cariepotter"]
[Result "0-1"]
[WhiteElo "1371"]
[BlackElo "1171"]

1. e4 d5 2. exd5 Qxd5 3. Nc3 Qd8 4. d4 e6 5. Nf3 Nc6 6. Bb5 Bd7 7. O-O Nf6 8.
Bg5 Be7 9. Re1 a6 10. Bd3 Nb4 0-1